01210cam a2200301 i 450000100090000000300040000900500170001300800410003001000170007102000260008802000250011404000280013904200080016705000230017508200230019824502160022126400690043730000300050633600210053633700250055733800230058250400510060565000310065665000210068770000270070870000190073577601540075418405694OSt20220106133728.0141215s2015 enk b 001 0 eng  a 2014047946 a9781118469118 (cloth) a9781118469583 (pbk.) aDLCbengcDLCerdadDLC apcc00aHV8073b.F572 201500a363.258223bVAL/F00aForensic facial identification :btheory and practice of identification from eyewitnesses, composites and CCTV /cedited by Tim Valentine, Goldsmiths, University of London Josh P. Davis, University of Greenwich. 1aChichester, West Sussex ;aMalden, MA :bWILEY Blackwell,c2015. axvii, 354 pages ;c24 cm. atext2rdacontent aunmediated2rdamedia avolume2rdacarrier aIncludes bibliographical references and index. 0aEyewitness identification. 0aFace perception.1 aValentine, Tim,d1959-1 aDavis, Josh P.08iOnline version:tForensic facial identificationdChichester, West Sussex ; Malden, MA : John Wiley & Sons Inc., 2015z9781118469569w(DLC) 2014048913